000 00608nam a2200205 a 4500
001 000012667
005 20250203093855.0
008 091116s2002 dr a 000 j spa d
020 _a9993461156
040 _aDO-SdBNP
_bspa
_cBNPHU
082 _aRD863.44
_bM559c
100 1 _aMerejo, Andrés
_9469
245 1 0 _aCuentos en New York /
_cAndrés Merejo.
260 _aSanto Domingo :
_bBúho,
_c2002.
300 _a74 p. :
_bil. ;
_c22 cm.
590 _aInventariado, 2019/BT
650 0 _aCuentos dominicanos
_9176
650 0 _aLiteratura dominicana.
_967
910 _aValidado. Control de calidad MMOLINA
999 _c12318
_d12318